[Event "BL2 Ost 1718 (Women)"]
[Site "Germany"]
[Date "2018.02.17"]
[Round "6.6"]
[White "Wagner, Margarethe"]
[Black "Neumann, Isabel"]
[Result "1-0"]
[WhiteElo "1519"]
[BlackElo "1708"]
[PlyCount "113"]
[EventDate "2017.10.14"]
[EventType "team-tourn"]
[EventRounds "7"]
[EventCountry "GER"]
[SourceTitle "EXT 2019"]
[Source "ChessBase"]
[SourceDate "2018.10.10"]
[SourceVersion "1"]
[SourceVersionDate "2018.10.10"]
[SourceQuality "1"]
[WhiteTeam "Zeulenroda (W)"]
[BlackTeam "Leipzig SG (W)"]
[WhiteTeamCountry "GER"]
[BlackTeamCountry "GER"]

1. e4 c5 2. Nf3 e6 3. d4 cxd4 4. Nxd4 a6 5. Bd3 Qc7 6. c4 Nf6 7. Nc3 Be7 8. 0-0 0-0 9. f4 d6 10. Kh1 b6 11. Bd2 Bb7 12. Rc1 Nbd7 13. Qe2 Nc5 14. Bc2 Rac8 15. Rf3 e5 16. Nf5 Ne6 17. Nd5 Nxd5 18. exd5 Nd4 19. Nxd4 exd4 20. Rh3 g6 21. f5 Qd7 22. Rg3 Bf6 23. fxg6 fxg6 24. Rf1 Be5 25. Rgf3 Qg7 26. b3 Rxf3 27. Qxf3 Rf8 28. Qxf8+ Qxf8 29. Rxf8+ Kxf8 30. h3 Kf7 31. Kg1 Bg3 32. Bg5 Be5 33. Kf2 Bf6 34. Bf4 Ke7 35. Ke2 Be5 36. Bg5+ Bf6 37. Bc1 Kd7 38. Bb2 Kc7 39. Be4 Bc8 40. Kd3 Bd7 41. Bxd4 Bxd4 42. Kxd4 a5 43. a3 Kd8 44. b4 axb4 45. axb4 Ke7 46. c5 bxc5+ 47. bxc5 dxc5+ 48. Kxc5 Ba4 49. Bd3 Bd7 50. Bb5 Bf5 51. d6+ Kd8 52. Kd5 h6 53. g4 Bc8 54. Ke5 Bb7 55. Kf6 Bg2 56. h4 Be4 57. h5 1-0

[Event "BL2 Ost 1718 (Women)"]
[Site "Germany"]
[Date "2018.01.28"]
[Round "5.6"]
[White "Reiss, Viktoria"]
[Black "Neumann, Isabel"]
[Result "0-1"]
[WhiteElo "1392"]
[BlackElo "1698"]
[PlyCount "84"]
[EventDate "2017.10.14"]
[EventType "team-tourn"]
[EventRounds "7"]
[EventCountry "GER"]
[SourceTitle "EXT 2019"]
[Source "ChessBase"]
[SourceDate "2018.10.10"]
[SourceVersion "1"]
[SourceVersionDate "2018.10.10"]
[SourceQuality "1"]
[WhiteTeam "Loeberitz (W)"]
[BlackTeam "Leipzig SG (W)"]
[WhiteTeamCountry "GER"]
[BlackTeamCountry "GER"]

1. e4 c5 2. Nf3 e6 3. d4 cxd4 4. Nxd4 a6 5. Nc3 Qc7 6. Qd3 Nf6 7. Bd2 Be7 8. 0-0-0 b5 9. f3 Bb7 10. Kb1 0-0 11. Nce2 Nc6 12. Nb3 d5 13. exd5 Nxd5 14. c3 Ne5 15. Qc2 Nc4 16. Qc1 a5 17. Nbd4 b4 18. cxb4 axb4 19. Nb3 Rfc8 20. Re1 Ba6 21. Qd1 Bb5 22. Nec1 Ba4 23. Bxc4 Qxc4 24. Re4 Qa6 25. Qf1 Bb5 26. Qe1 Bd3+ 27. Ka1 Bxe4 28. fxe4 Nb6 29. Be3 Bf6 30. Qe2 Nc4 31. Bd4 Bxd4 32. Nxd4 Ne5 33. Ncb3 Qxe2 34. Nxe2 Rc2 35. Nbd4 Rcc8 36. Nc1 Rd8 37. Ncb3 Rac8 38. Kb1 Nd3 39. Ne2 Nc5 40. Nxc5 Rxc5 41. Nc1 Rc4 42. Re1 Rd2 0-1

[Event "BL2 Sued 1617 (Women)"]
[Site "Germany"]
[Date "2017.01.22"]
[Round "4.6"]
[White "Leinenbach, Janine"]
[Black "Neumann, Isabel"]
[Result "0-1"]
[WhiteElo "1784"]
[BlackElo "1608"]
[PlyCount "82"]
[EventDate "2016.10.22"]
[EventType "team-tourn"]
[EventRounds "7"]
[EventCountry "GER"]
[SourceTitle "EXT 2018"]
[Source "ChessBase"]
[SourceDate "2017.10.13"]
[SourceVersion "1"]
[SourceVersionDate "2017.10.13"]
[SourceQuality "1"]
[WhiteTeam "Wadgassen/Differten (W)"]
[BlackTeam "Leipzig SG (W)"]
[WhiteTeamCountry "GER"]
[BlackTeamCountry "GER"]

1. c4 e5 2. Nc3 d6 3. g3 f5 4. Bg2 c6 5. d3 Nf6 6. e3 Be7 7. Nge2 0-0 8. 0-0 Na6 9. d4 Qe8 10. a3 Qh5 11. f3 Nc7 12. e4 fxe4 13. Nxe4 Nxe4 14. fxe4 Bg4 15. Re1 Rf7 16. Be3 Raf8 17. Qd3 Ne6 18. d5 Ng5 19. Bxg5 Bxg5 20. Nc3 Rf2 21. Rf1 Rxg2+ 22. Kxg2 Bh3+ 23. Kg1 Bxf1 24. Rxf1 Rxf1+ 25. Qxf1 Be3+ 26. Kg2 Bd4 27. Qf5 Qxf5 28. exf5 Kf7 29. Kf3 Bxc3 30. bxc3 cxd5 31. cxd5 Kf6 32. Ke4 Kg5 33. a4 h5 34. h3 a5 35. c4 b6 36. Ke3 Kxf5 37. Kf3 e4+ 38. Ke3 g5 39. h4 gxh4 40. gxh4 Ke5 41. Kd2 Kd4 0-1

[Event "BL2 Sued 1617 (Women)"]
[Site "Germany"]
[Date "2017.01.21"]
[Round "3.6"]
[White "Neumann, Isabel"]
[Black "Zemke, Christine"]
[Result "1-0"]
[WhiteElo "1608"]
[BlackElo "1721"]
[PlyCount "79"]
[EventDate "2016.10.22"]
[EventType "team-tourn"]
[EventRounds "7"]
[EventCountry "GER"]
[SourceTitle "EXT 2018"]
[Source "ChessBase"]
[SourceDate "2017.10.13"]
[SourceVersion "1"]
[SourceVersionDate "2017.10.13"]
[SourceQuality "1"]
[WhiteTeam "Leipzig SG (W)"]
[BlackTeam "Schott Mainz (W)"]
[WhiteTeamCountry "GER"]
[BlackTeamCountry "GER"]

1. d4 d5 2. c4 Nf6 3. Nf3 e6 4. g3 Be7 5. Bg2 Nc6 6. Qc2 Ne4 7. 0-0 0-0 8. Nc3 f5 9. Rd1 Nb4 10. Qb3 c6 11. Ne5 Na6 12. f3 Nf6 13. e4 fxe4 14. fxe4 Nc7 15. Be3 dxe4 16. Nxe4 Nxe4 17. Bxe4 Bg5 18. Rf1 Bf6 19. Qd3 Bxe5 20. Bxh7+ Kh8 21. Rxf8+ Qxf8 22. dxe5 Qe8 23. Rd1 b6 24. Bg6 Qd7 25. Qxd7 Bxd7 26. Rxd7 Rc8 27. Bf7 Kh7 28. Re7 c5 29. Bxe6 Nxe6 30. Rxe6 Rc7 31. Kf2 Kg8 32. Kf3 Kf8 33. Kg4 Rf7 34. Bf4 Rd7 35. Rd6 Re7 36. Kg5 Rf7 37. Kg6 Rb7 38. Bg5 Rb8 39. Rd8+ Rxd8 40. Bxd8 1-0

[Event "Regionalliga Ost 1617 (Women)"]
[Site "Germany"]
[Date "2016.10.23"]
[Round "1.2"]
[White "Neumann, Isabel"]
[Black "Hartmann, Anne"]
[Result "1-0"]
[WhiteElo "1608"]
[BlackElo "1533"]
[PlyCount "61"]
[EventDate "2016.10.23"]
[EventType "team-tourn"]
[EventRounds "5"]
[EventCountry "GER"]
[SourceTitle "EXT 2018"]
[Source "ChessBase"]
[SourceDate "2017.10.13"]
[SourceVersion "1"]
[SourceVersionDate "2017.10.13"]
[SourceQuality "1"]
[WhiteTeam "Leipzig SG (W) II"]
[BlackTeam "Dresden USV TU (W)"]
[WhiteTeamCountry "GER"]
[BlackTeamCountry "GER"]

1. d4 Nf6 2. c4 d6 3. g3 g6 4. Bg2 Bg7 5. e4 0-0 6. Ne2 e5 7. Nbc3 Nbd7 8. 0-0 exd4 9. Nxd4 Ne5 10. b3 Rb8 11. Bb2 Bd7 12. f4 Nc6 13. Nd5 Re8 14. Re1 a6 15. Nxc6 Bxc6 16. Qc2 Nxd5 17. cxd5 Bxb2 18. Qxb2 Bd7 19. Rad1 Bg4 20. Rd2 Qd7 21. e5 Re7 22. Qc3 Rbe8 23. Re3 Qf5 24. Be4 Qh5 25. e6 fxe6 26. dxe6 Bxe6 27. Bxb7 a5 28. Rde2 Kf7 29. Bc6 Rd8 30. Bf3 Qf5 31. Rxe6 1-0

[Event "GER-chT U20 Girls"]
[Site "Osnabrueck"]
[Date "2015.12.29"]
[Round "5.2"]
[White "Wolff, Marie Antoinette"]
[Black "Neumann, Isabel"]
[Result "1-0"]
[WhiteElo "1667"]
[BlackElo "1692"]
[PlyCount "153"]
[EventDate "2015.12.27"]
[EventType "team-swiss"]
[EventRounds "7"]
[EventCountry "GER"]
[SourceTitle "EXT 2017"]
[Source "ChessBase"]
[SourceDate "2016.10.25"]
[SourceVersion "1"]
[SourceVersionDate "2016.10.25"]
[SourceQuality "1"]
[WhiteTeam "Leegebruch"]
[BlackTeam "Grimma"]
[WhiteTeamCountry "GER"]
[BlackTeamCountry "GER"]

1. c4 e5 2. Nc3 d6 3. Nf3 f5 4. d3 Nf6 5. e3 Be7 6. Bd2 0-0 7. Qc2 c6 8. g3 Qe8 9. Bg2 Na6 10. a3 Kh8 11. b4 Nc7 12. 0-0 Qh5 13. Rfe1 Ng4 14. Ne2 Ne6 15. h3 Nf6 16. Kf1 g5 17. Nfg1 Qf7 18. f4 gxf4 19. exf4 Nh5 20. Be3 Qg6 21. Bf2 Rg8 22. Nf3 exf4 23. d4 Nxg3+ 24. Nxg3 fxg3 25. Bg1 Bf6 26. Rad1 Nf4 27. d5 cxd5 28. cxd5 Nxg2 29. Kxg2 Qh5 30. Bd4 Bxd4 31. Rxd4 f4 32. Rh1 Qf7 33. Qd2 Rf8 34. Rf1 Qh5 35. Rh1 Qf5 36. Nh4 Qf6 37. Nf3 Bd7 38. Rc1 Qf5 39. Kg1 Qxh3 40. Rxf4 Rxf4 41. Qxf4 Qg4 42. Qf6+ Kg8 43. Rc7 h6 44. Qxd6 Qxf3 45. Qg6+ Kf8 46. Qxh6+ Ke8 47. Qh8+ Qf8 48. Qxf8+ Kxf8 49. Rxd7 a6 50. Rxb7 Rd8 51. Ra7 Rxd5 52. Rxa6 Rd3 53. b5 Rb3 54. a4 Ke7 55. b6 Kd8 56. Ra8+ Kd7 57. a5 Kc6 58. Rc8+ Kd7 59. Rc7+ Kd6 60. Rh7 Kc6 61. Kg2 Rb5 62. Rc7+ Kd6 63. Ra7 Kc6 64. Kxg3 Rb4 65. Kf3 Rb5 66. Ke4 Rb4+ 67. Ke5 Rb5+ 68. Ke6 Rb2 69. Ke7 Re2+ 70. Kd8 Rd2+ 71. Kc8 Rh2 72. Rc7+ Kb5 73. Rd7 Rc2+ 74. Kb8 Rc6 75. Kb7 Rh6 76. Rd5+ Kc4 77. Rg5 1-0

[Event "GER-chT U20 Girls"]
[Site "Osnabrueck"]
[Date "2015.12.28"]
[Round "4.2"]
[White "Koch, Elisabeth"]
[Black "Neumann, Isabel"]
[Result "1-0"]
[WhiteElo "1717"]
[BlackElo "1692"]
[PlyCount "149"]
[EventDate "2015.12.27"]
[EventType "team-swiss"]
[EventRounds "7"]
[EventCountry "GER"]
[SourceTitle "EXT 2017"]
[Source "ChessBase"]
[SourceDate "2016.10.25"]
[SourceVersion "1"]
[SourceVersionDate "2016.10.25"]
[SourceQuality "1"]
[WhiteTeam "Weissensee Chemie U20 Girls"]
[BlackTeam "Grimma"]
[WhiteTeamCountry "GER"]
[BlackTeamCountry "GER"]

1. e4 c5 2. Nf3 e6 3. Qe2 a6 4. d4 cxd4 5. Nxd4 Qc7 6. Be3 Nf6 7. Nc3 b5 8. f4 Bb7 9. e5 Nd5 10. Nxd5 Bxd5 11. Rd1 Qa5+ 12. Qd2 Qxa2 13. b3 Qa3 14. Bxb5 axb5 15. Nxb5 Qa5 16. Qxa5 Rxa5 17. Nc7+ Kd8 18. Bb6 Bb4+ 19. Kf1 Ke7 20. Bxa5 Bxa5 21. Nxd5+ exd5 22. Rxd5 Nc6 23. Ke2 Rb8 24. Rhd1 Rb7 25. Kf3 Bb4 26. g4 Ba5 27. Ra1 Bb6 28. Ra8 Nd4+ 29. Ke4 Nxc2 30. Rb5 Ra7 31. Rxa7 Bxa7 32. Rb7 Bg1 33. h3 Nd4 34. Rb8 g6 35. b4 Nc6 36. Rb7 Nd8 37. Rb8 Nc6 38. Rh8 Nxb4 39. Rxh7 Nc6 40. h4 Nd8 41. h5 gxh5 42. gxh5 Ne6 43. h6 Bh2 44. Rg7 Nxg7 45. h7 Ne6 46. h8Q Bxf4 47. Qf6+ Ke8 48. Kd5 Bg5 49. Qh8+ Ke7 50. Kc4 Be3 51. Kb5 Bc5 52. Ka6 Be3 53. Kb7 Bg5 54. Qh3 Bf4 55. Qa3+ Ke8 56. Qd6 Bg5 57. Kc8 Be7 58. Qxd7+ Kf8 59. Qd3 Ke8 60. Qh7 Bf8 61. Qh4 Be7 62. Qa4+ Kf8 63. Qb5 Bd8 64. Kd7 Bg5 65. Qb8+ Bd8 66. Kd6 Ke8 67. Qb5+ Kf8 68. Kd7 Be7 69. Qb8+ Bd8 70. Qc8 Kg7 71. Ke8 Kg6 72. Qb7 Kf5 73. Qxf7+ Kxe5 74. Kd7 Ng5 75. Qe8+ 1-0

[Event "GER-chT U20 Girls"]
[Site "Osnabrueck"]
[Date "2015.12.28"]
[Round "3.2"]
[White "Neumann, Isabel"]
[Black "Mangei, Jasmin"]
[Result "1/2-1/2"]
[WhiteElo "1692"]
[BlackElo "1872"]
[PlyCount "87"]
[EventDate "2015.12.27"]
[EventType "team-swiss"]
[EventRounds "7"]
[EventCountry "GER"]
[SourceTitle "EXT 2017"]
[Source "ChessBase"]
[SourceDate "2016.10.25"]
[SourceVersion "1"]
[SourceVersionDate "2016.10.25"]
[SourceQuality "1"]
[WhiteTeam "Grimma"]
[BlackTeam "Karlsruhe"]
[WhiteTeamCountry "GER"]
[BlackTeamCountry "GER"]

1. d4 d5 2. c4 e6 3. Nf3 Nf6 4. g3 Be7 5. Bg2 0-0 6. Qc2 c6 7. 0-0 Nbd7 8. Rd1 b6 9. b3 Bb7 10. Nc3 Rc8 11. e4 dxe4 12. Nxe4 Nxe4 13. Qxe4 Qc7 14. Ne5 Rfd8 15. Bb2 Nf6 16. Qf3 Ba8 17. Qe2 c5 18. Bxa8 Rxa8 19. Rd2 cxd4 20. Rad1 Nd7 21. Bxd4 Bb4 22. Rd3 Bc5 23. Nxd7 Rxd7 24. Bxc5 Rxd3 25. Rxd3 Qxc5 26. Qd2 h6 27. Rd7 a5 28. Qf4 Rf8 29. Rc7 Qb4 30. Rb7 a4 31. Qf3 axb3 32. axb3 Qc5 33. Qe3 Rd8 34. Rxb6 Qa3 35. c5 Qa1+ 36. Kg2 Rd1 37. Rb8+ Kh7 38. Qe4+ g6 39. b4 Rg1+ 40. Kf3 Qf6+ 41. Qf4 Qc3+ 42. Qe3 Qf6+ 43. Qf4 Qc3+ 44. Qe3 1/2-1/2

[Event "GER-chT U20 Girls"]
[Site "Naumburg Saale"]
[Date "2014.12.29"]
[Round "6.2"]
[White "Neumann, Isabel"]
[Black "Mangei, Jasmin"]
[Result "0-1"]
[WhiteElo "1563"]
[BlackElo "1760"]
[PlyCount "82"]
[EventDate "2014.12.27"]
[EventType "team-swiss"]
[EventRounds "7"]
[EventCountry "GER"]
[SourceTitle "EXT 2016"]
[Source "ChessBase"]
[SourceDate "2015.10.08"]
[SourceVersion "1"]
[SourceVersionDate "2015.10.08"]
[SourceQuality "1"]
[WhiteTeam "Grimma"]
[BlackTeam "Karlsruhe"]
[WhiteTeamCountry "GER"]
[BlackTeamCountry "GER"]

1. d4 d5 2. Nf3 Nf6 3. c4 e6 4. g3 Be7 5. Bg2 0-0 6. Qc2 Nbd7 7. 0-0 c6 8. b3 Re8 9. Bb2 dxc4 10. Qxc4 Nb6 11. Qc2 Qc7 12. e4 Bd7 13. Nbd2 Rac8 14. Rac1 Qd8 15. Qb1 c5 16. e5 Nfd5 17. Ne4 Bb5 18. Rfd1 c4 19. Nfd2 cxb3 20. Nxb3 Nc4 21. Bf1 Qb6 22. Nec5 Nxb2 23. Qxb2 Bxf1 24. Rxf1 Bxc5 25. dxc5 Qb5 26. Qd4 Nb4 27. Qa1 Nd3 28. Nd4 Qa6 29. Nb3 Nxc1 30. Rxc1 Red8 31. Rd1 Rxd1+ 32. Qxd1 Qxa2 33. Qd7 Qb1+ 34. Kg2 Qe4+ 35. Kg1 Qc6 36. Qd6 Qb5 37. Qd1 a5 38. Qf3 a4 39. Nd2 Rxc5 40. Ne4 Rc1+ 41. Kg2 Qf1# 0-1

[Event "Sachsen-ch U14 Girls"]
[Site "Sebnitz"]
[Date "2013.04.05"]
[Round "6"]
[White "Simon, Tessa"]
[Black "Neumann, Isabel"]
[Result "1-0"]
[WhiteElo "1594"]
[BlackElo "1427"]
[PlyCount "101"]
[EventDate "2013.04.02"]
[EventType "swiss"]
[EventRounds "7"]
[EventCountry "GER"]
[SourceTitle "EXT 2014"]
[Source "ChessBase"]
[SourceDate "2013.11.20"]
[SourceVersion "1"]
[SourceVersionDate "2013.11.20"]
[SourceQuality "1"]

1. e4 e5 2. Nf3 Nc6 3. Bb5 Nge7 4. 0-0 g6 5. c3 Bg7 6. d4 exd4 7. cxd4 0-0 8. d5 a6 9. Ba4 b5 10. Bc2 Ne5 11. Nxe5 Bxe5 12. f4 Bg7 13. Nc3 Bb7 14. Rb1 d6 15. f5 Nc8 16. Qg4 Nb6 17. Ne2 Nd7 18. Bg5 Ne5 19. Qh4 Qd7 20. h3 Rac8 21. Bh6 f6 22. Bxg7 Qxg7 23. Nd4 Qe7 24. Ne6 Rf7 25. b3 c6 26. dxc6 Rxc6 27. Rbc1 Rc8 28. Bb1 Rc6 29. Qf2 Bc8 30. Rxc6 Nxc6 31. Rc1 Qb7 32. Nf4 Rc7 33. Nd5 Rf7 34. Qb6 Qxb6+ 35. Nxb6 Bb7 36. Rd1 Re7 37. Rxd6 Kf7 38. Nd5 Ne5 39. Nxe7 Kxe7 40. Rd2 g5 41. Kf2 h6 42. Ke3 b4 43. Bd3 Nc6 44. Bc4 a5 45. Bb5 h5 46. Bxc6 Bxc6 47. Kd4 Kd6 48. Rc2 Kc7 49. g3 Kb7 50. Rxc6 Kxc6 51. e5 1-0

[Event "GER-chT U14 Girls"]
[Site "Magdeburg"]
[Date "2012.12.30"]
[Round "7.1"]
[White "Neumann, Isabel"]
[Black "Titgemeyer, Eva Maria"]
[Result "0-1"]
[WhiteElo "1422"]
[BlackElo "1622"]
[PlyCount "54"]
[EventDate "2012.12.27"]
[EventType "team-swiss"]
[EventRounds "7"]
[EventCountry "GER"]
[SourceTitle "EXT 2014"]
[Source "ChessBase"]
[SourceDate "2013.11.20"]
[SourceVersion "1"]
[SourceVersionDate "2013.11.20"]
[SourceQuality "1"]
[WhiteTeam "Grimma"]
[BlackTeam "Porz SG"]
[WhiteTeamCountry "GER"]
[BlackTeamCountry "GER"]

1. e4 e5 2. Nf3 Nc6 3. d4 exd4 4. Bc4 Bc5 5. 0-0 d6 6. Ng5 Ne5 7. Bb5+ c6 8. f4 h6 9. fxe5 hxg5 10. Bc4 d5 11. Qf3 Qe7 12. exd5 g4 13. d6 gxf3 14. dxe7 d3+ 15. Rf2 Bxf2+ 16. Kxf2 dxc2 17. Na3 fxg2 18. Bg5 Nxe7 19. Nxc2 Rxh2 20. Kg3 g1Q+ 21. Rxg1 Rxc2 22. Bb3 Rc5 23. Rf1 Be6 24. Rh1 Ng6 25. Bxe6 fxe6 26. Rd1 Rd5 27. Rh1 a5 0-1

[Event "Sachsen-ch U12 Girls"]
[Site "Sebnitz"]
[Date "2012.04.12"]
[Round "4"]
[White "Peil, Celine"]
[Black "Neumann, Isabel"]
[Result "1-0"]
[WhiteElo "1382"]
[BlackElo "1397"]
[PlyCount "87"]
[EventDate "2012.04.10"]
[EventType "swiss"]
[EventRounds "7"]
[EventCountry "GER"]
[SourceTitle "CBM 148 Extra"]
[Source "ChessBase"]
[SourceDate "2012.06.22"]
[SourceVersion "1"]
[SourceVersionDate "2012.06.22"]
[SourceQuality "1"]

1. e4 e5 2. Nf3 Nc6 3. Bc4 Be7 4. d4 d6 5. dxe5 Nxe5 6. Nxe5 dxe5 7. Qh5 g6 8. Qxe5 Nf6 9. Bh6 Rg8 10. Bf4 c6 11. Nd2 Ng4 12. Qc3 Bf6 13. Qb3 Qe7 14. f3 Ne5 15. Be2 Be6 16. Qe3 Qb4 17. Qc3 Qxc3 18. bxc3 Nc4 19. Bxc4 Bxc4 20. e5 Bxe5 21. Bxe5 Be6 22. 0-0 0-0-0 23. Ne4 b6 24. Nf6 Rgf8 25. Nxh7 Rfe8 26. Nf6 Rf8 27. Rfd1 Bf5 28. Ne4 Rfe8 29. Nd6+ Rxd6 30. Bxd6 Bxc2 31. Rd2 Bf5 32. Bg3 Be6 33. Re1 Rf8 34. a3 Bb3 35. Re7 Rg8 36. Rc7+ Kb8 37. Rxf7+ Ka8 38. Re7 Bd5 39. c4 Rd8 40. cxd5 cxd5 41. Rc2 Rb8 42. Rcc7 Rb7 43. Rxb7 a5 44. Rb8# 1-0

[Event "Sachsen-ch U12 Girls"]
[Site "Sebnitz"]
[Date "2012.04.11"]
[Round "3"]
[White "Neumann, Isabel"]
[Black "Hagenbeck Huebert, Lara"]
[Result "1-0"]
[WhiteElo "1397"]
[BlackElo "1146"]
[PlyCount "50"]
[EventDate "2012.04.10"]
[EventType "swiss"]
[EventRounds "7"]
[EventCountry "GER"]
[SourceTitle "CBM 148 Extra"]
[Source "ChessBase"]
[SourceDate "2012.06.22"]
[SourceVersion "1"]
[SourceVersionDate "2012.06.22"]
[SourceQuality "1"]

1. e4 e5 2. Nf3 Nc6 3. d4 Nf6 4. dxe5 Nxe4 5. Bc4 Bc5 6. Qd5 0-0 7. Qxe4 Nb4 8. 0-0 d5 9. exd6 Qxd6 10. a3 Nc6 11. Bf4 Qf6 12. Bd3 g6 13. Nc3 Bf5 14. Bg5 Bxe4 15. Bxf6 Bxd3 16. cxd3 Rfe8 17. Nd5 Rac8 18. b4 Bd6 19. Bb2 Rcd8 20. Nf6+ Kf8 21. Nxe8 Rxe8 22. Rfe1 Rxe1+ 23. Rxe1 a5 24. b5 Na7 25. a4 Nc8 1-0

[Event "Sachsen-ch U12 Girls"]
[Site "Sebnitz"]
[Date "2012.04.11"]
[Round "2"]
[White "Simon, Tessa"]
[Black "Neumann, Isabel"]
[Result "1-0"]
[WhiteElo "1523"]
[BlackElo "1397"]
[PlyCount "117"]
[EventDate "2012.04.10"]
[EventType "swiss"]
[EventRounds "7"]
[EventCountry "GER"]
[SourceTitle "CBM 148 Extra"]
[Source "ChessBase"]
[SourceDate "2012.06.22"]
[SourceVersion "1"]
[SourceVersionDate "2012.06.22"]
[SourceQuality "1"]

1. e4 e5 2. Nf3 Nc6 3. Bb5 Nge7 4. d3 g6 5. Nbd2 Bg7 6. c3 0-0 7. 0-0 a6 8. Ba4 d5 9. Re1 dxe4 10. dxe4 b5 11. Bb3 Bb7 12. Nf1 b4 13. Bd2 a5 14. Ne3 bxc3 15. Bxc3 Nd4 16. Bc2 Nxf3+ 17. Qxf3 Nc6 18. Rad1 Nd4 19. Qg4 Ba6 20. Ba4 Qb8 21. Nd5 Qb7 22. Kh1 Kh8 23. Qh4 c6 24. Nf6 h6 25. Bd2 Be2 26. Rxe2 Bxf6 27. Qxf6+ Kh7 28. Re3 Rfe8 29. Rh3 h5 30. g4 Qd7 31. Qh4 Rh8 32. gxh5 Kg7 33. Rg3 Rxh5 34. Qxh5 Rh8 35. Qxe5+ f6 36. Bxc6 fxe5 37. Bxd7 Rf8 38. Kg2 Rf7 39. Ba4 Ne2 40. Rxg6+ Kf8 41. Bh6+ Ke7 42. Rg7 Rxg7+ 43. Bxg7 Ke6 44. Bd7+ Ke7 45. Bxe5 Kf7 46. Bf5 a4 47. a3 Ke7 48. Rd7+ Ke8 49. h4 Nc1 50. h5 Nd3 51. Bd4 Nf4+ 52. Kf3 Nxh5 53. Kg4 Ng7 54. Rxg7 Kd8 55. Kf4 Ke8 56. Bc5 Kd8 57. Bd6 Ke8 58. f3 Kd8 59. Rg8# 1-0

[Event "Sachsen-ch U12 Girls"]
[Site "Sebnitz"]
[Date "2011.04.29"]
[Round "6"]
[White "Neumann, Isabel"]
[Black "Cozma, Patricia"]
[Result "1-0"]
[WhiteElo "1114"]
[BlackElo "1053"]
[PlyCount "99"]
[EventDate "2011.04.26"]
[EventType "swiss"]
[EventRounds "7"]
[EventCountry "GER"]
[SourceTitle "EXT 2012"]
[Source "ChessBase"]
[SourceDate "2011.11.24"]
[SourceVersion "1"]
[SourceVersionDate "2011.11.24"]
[SourceQuality "1"]

1. e4 e5 2. Nf3 Nc6 3. d4 Bd6 4. Bc4 Nf6 5. d5 Ne7 6. Nc3 0-0 7. 0-0 h6 8. Ne1 Bc5 9. Kh1 d6 10. f4 Bg4 11. Be2 Bxe2 12. Qxe2 c6 13. f5 a6 14. Qf3 b5 15. Qg3 b4 16. Bxh6 g6 17. Bxf8 Qxf8 18. fxg6 fxg6 19. Qh4 Qg7 20. Rxf6 bxc3 21. bxc3 Rf8 22. Rxf8+ Qxf8 23. Nf3 cxd5 24. Ng5 Qg7 25. Rf1 dxe4 26. Qxe4 d5 27. Qf3 a5 28. Ne6 Qh6 29. Nxc5 Nf5 30. Qxd5+ Kh8 31. Qxe5+ Qg7 32. Qxg7+ Kxg7 33. Re1 Kh6 34. Ne4 a4 35. c4 Kg7 36. Ng3 Nxg3+ 37. hxg3 Kf7 38. c5 a3 39. c6 g5 40. c7 g4 41. c8Q Kf6 42. Qf8+ Kg5 43. Re5+ Kg6 44. Qf5+ Kg7 45. Re6 Kg8 46. Qxg4+ Kf7 47. Qg6+ Kf8 48. Rb6 Ke7 49. Qg7+ Ke8 50. Rb8# 1-0

[Event "Sachsen-ch U12 Girls"]
[Site "Sebnitz"]
[Date "2011.04.27"]
[Round "2"]
[White "Neumann, Isabel"]
[Black "Demme, Miriam"]
[Result "1/2-1/2"]
[WhiteElo "1114"]
[BlackElo "945"]
[PlyCount "75"]
[EventDate "2011.04.26"]
[EventType "swiss"]
[EventRounds "7"]
[EventCountry "GER"]
[SourceTitle "EXT 2012"]
[Source "ChessBase"]
[SourceDate "2011.11.24"]
[SourceVersion "1"]
[SourceVersionDate "2011.11.24"]
[SourceQuality "1"]

1. e4 c5 2. d4 cxd4 3. Nf3 Nf6 4. Bc4 e6 5. Nxd4 Nxe4 6. 0-0 Qc7 7. Bb3 Bd6 8. Nf3 b6 9. Nbd2 Nxd2 10. Bxd2 Bb7 11. h3 Bxf3 12. Qxf3 Nc6 13. Rfe1 Nb8 14. Qxa8 0-0 15. Qf3 Be5 16. c3 Bh2+ 17. Kh1 Bd6 18. Qg4 f5 19. Qf3 Nc6 20. Qh5 Bc5 21. Be3 Bd6 22. Rad1 Na5 23. Ba4 Nc4 24. Bb3 Nxb2 25. Rb1 Qxc3 26. Qe2 Qe5 27. g3 Qe4+ 28. f3 Qe5 29. Bf4 Qxe2 30. Rxe2 Ba3 31. Rd2 d5 32. Be5 Nc4 33. Bxc4 dxc4 34. Bd6 Rd8 35. Bxa3 Rxd2 36. Rc1 b5 37. Bb4 Rxa2 38. Rd1 1/2-1/2

[Event "Sachsen-ch U12 Girls"]
[Site "Sebnitz"]
[Date "2011.04.27"]
[Round "3"]
[White "Pfuetzner, Lisa"]
[Black "Neumann, Isabel"]
[Result "1-0"]
[WhiteElo "1055"]
[BlackElo "1114"]
[PlyCount "147"]
[EventDate "2011.04.26"]
[EventType "swiss"]
[EventRounds "7"]
[EventCountry "GER"]
[SourceTitle "EXT 2012"]
[Source "ChessBase"]
[SourceDate "2011.11.24"]
[SourceVersion "1"]
[SourceVersionDate "2011.11.24"]
[SourceQuality "1"]

1. e4 e5 2. Nf3 Nc6 3. Bc4 d6 4. d4 Be7 5. dxe5 Nxe5 6. Nxe5 dxe5 7. 0-0 Nf6 8. Nc3 0-0 9. Be3 b6 10. Qxd8 Rxd8 11. Rad1 Bb7 12. Bd5 Nxd5 13. Nxd5 Bd6 14. f3 Ba6 15. Rf2 Bb7 16. Rfd2 a5 17. Nc3 Be7 18. Ne2 Ba6 19. Ng3 g6 20. f4 f6 21. f5 Rxd2 22. Rxd2 Rd8 23. fxg6 hxg6 24. Rf2 Rd1+ 25. Nf1 Bxf1 26. Rxf1 Rxf1+ 27. Kxf1 f5 28. exf5 gxf5 29. g3 c5 30. b3 b5 31. a4 b4 32. h4 Kg7 33. h5 Kh7 34. h6 Kg6 35. Kf2 Bd6 36. Kf3 Kf7 37. Bd2 Kg6 38. Be3 Bf8 39. Kf2 Bxh6 40. Bxc5 f4 41. gxf4 exf4 42. Kf3 Kf5 43. Bb6 Ke6 44. Bxa5 Kd5 45. Bxb4 Kc6 46. c4 Kb6 47. c5+ Kc6 48. Ba3 Bg5 49. b4 Bf6 50. b5+ Kb7 51. a5 Bc3 52. a6+ Ka7 53. Kxf4 Ba5 54. Ke5 Bc7+ 55. Ke6 Bd8 56. Kd7 Ba5 57. c6 Kb8 58. Bd6+ Bc7 59. Bxc7+ Ka7 60. b6+ Kxa6 61. b7 Kb5 62. b8Q+ Kc5 63. Qb6+ Kd5 64. Qb5+ Kd4 65. Kd6 Ke3 66. Qb4 Kd3 67. Kd5 Ke3 68. Qd4+ Kf3 69. Qe4+ Kf2 70. Qd3 Ke1 71. Qc2 Kf1 72. Ke4 Ke1 73. Ke3 Kf1 74. Qf2# 1-0

[Event "Sachsen-ch U10 Girls"]
[Site "Sebnitz"]
[Date "2009.04.17"]
[Round "6"]
[White "Peil, Celine"]
[Black "Neumann, Isabel"]
[Result "1-0"]
[WhiteElo "990"]
[BlackElo "864"]
[PlyCount "57"]
[EventDate "2009.04.14"]
[EventType "swiss"]
[EventRounds "7"]
[EventCountry "GER"]
[SourceTitle "EXT 2010"]
[Source "ChessBase"]
[SourceDate "2010.11.25"]
[SourceVersion "1"]
[SourceVersionDate "2010.11.25"]
[SourceQuality "1"]

1. e4 e5 2. Nf3 Nc6 3. Bc4 d6 4. c3 Be7 5. d3 Na5 6. Qa4+ c6 7. Qb4 Nxc4 8. Qxc4 b5 9. Qb3 Be6 10. Qc2 d5 11. exd5 Bxd5 12. Qe2 Bf6 13. Be3 Ne7 14. Nbd2 Nf5 15. 0-0 0-0 16. b3 Re8 17. c4 bxc4 18. bxc4 Bxf3 19. Qxf3 Qxd3 20. Rad1 Rab8 21. Bxa7 Rb2 22. Qxd3 e4 23. Nxe4 Rb4 24. Nxf6+ gxf6 25. Qxf5 Re6 26. Qh5 Rb7 27. Qh6 f5 28. Rd8+ Re8 29. Rxe8# 1-0